000 00602nam a2200181Ia 4500
008 100921s9999 xx 000 0 und d
082 _b30083
_a891.463 थ 97
100 _aराजपूत रघुवीरसिंह.
245 _aवलय.
260 _bप्रतिभा प्रकाशन,औरंगाबाद.
_c1997
300 _a168
_bरसिक साहित्य,पुणे
365 _b115
520 _aललित-कादंबरी.
630 _aवलय.
650 _aललित-कादंबरी.
730 _aवलय.
942 _cBOOK
999 _c779196
_d779193